El Concepto de clases sociales: bases para una discusión /
Se explica el concepto de clases sociales, según la definición brindada por Lenín. Se habla de modo de producción y estructura de clases, el problema de la distribución de la riqueza, el trabajo productivo e improductivo y los límites conceptuales de tal término, según Nico Poulantzas. Se analiza la...
সংরক্ষণ করুন:
| প্রধান লেখক: | |
|---|---|
| অন্যান্য লেখক: | |
| বিন্যাস: | পাঠ্য |
| বিষয়গুলি: | |
| ট্যাগগুলো: |
ট্যাগ যুক্ত করুন
কোনো ট্যাগ নেই, প্রথমজন হিসাবে ট্যাগ করুন!
|
MARC
| LEADER | 00000 a a2200000 04500 | ||
|---|---|---|---|
| 001 | 14600 | ||
| 003 | |||
| 040 | |||
| 100 | |a Cardoso, Ciro Flamarion Santana | ||
| 245 | |a El Concepto de clases sociales: |b bases para una discusión / |c Ciro Flamarion Santana Cardoso ; Héctor Pérez Brignoli | ||
| 500 | |a También publicado en AVANCES DE INVESTIGACION - IIS, n. 8, UNIDI, MFN 19, N. acceso 02475.00 y en la misma base doc. en mimeo editado por el IIS | ||
| 520 | |a Se explica el concepto de clases sociales, según la definición brindada por Lenín. Se habla de modo de producción y estructura de clases, el problema de la distribución de la riqueza, el trabajo productivo e improductivo y los límites conceptuales de tal término, según Nico Poulantzas. Se analiza la formación económica-social del sistema social como factor influyente en la formación de clases sociales, destacando sus intereses, hegemonía y estratificación para, finalmente, concluir en la forma en que tal fenómeno ha repercutido en la historia social. REV//jmml | ||
| 650 | |a CLASES SOCIALES | ||
| 650 | |a MODOS DE PRODUCCION | ||
| 650 | |a ESTRUCTURA SOCIAL | ||
| 650 | |a CONCIENCIA DE CLASE | ||
| 650 | |a ESTRATIFICACION SOCIAL | ||
| 650 | |a HISTORIA | ||
| 650 | |a HEGEMONIA | ||
| 650 | |a PUB.IIS | ||
| 700 | |a Pérez Brignoli, Héctor | ||
| 773 | |g número 12; páginas 7-66 | ||
| 999 | |c 21387 |d 21387 | ||
